000 00635nam a2200229Ia 4500
003 OSt
005 20220924125234.0
006 a|||||r|||| 00| 0
007 ta
008 220923b |||||||| |||| 00| 0 mar d
024 _a349642
037 _cTextual
040 _aARTS
_cARTS
_bmar
041 _2mar
_amar
082 _aO155, N6
100 _aShinde Vishvanath Au.
_9197870
245 0 _aShahiri vangyamayacha dhara
260 _aPune
_bPrakashan pratima India
_c1996
650 _aMODERN INDIAN LANGUAGES
_9197871
942 _hO155, N6
_cTEXL
_2CC
999 _c422212
_d422212